000 00263nam a2200109Ia 4500
008 230320s9999||||xx |||||||||||||| ||spa||
082 _a227.1/W26
100 _aWand, J.W.C.
245 0 _aLo Que Verdaderamente Dijo San Pablo
260 _bAguilar
942 _80
_cLIB
999 _c26700
_d26700